000 01265pam a2200253 a 4500
001 3014659
005 20210414114020.0
008 940608s1995 nyua b 001 0 eng
010 _a 94021197
020 _a007011532X (alk. paper) :
_c$34.95
040 _aDLC
_cDLC
_dDLC
050 0 0 _aHM51.C583
_b
082 0 0 _a301
_220
100 1 _aCockerham, William C.
245 1 4 _aThe global society :an introduction to sociology. /
_cWilliam C. Cockerham.
260 _aNew York :
_bMcGraw-Hill,
_cc1995.
300 _axviii, 590 p. :
_bill. ;
_c23 cm.
504 _aIncludes bibliographical references (p. 548-577) and indexes.
505 _aContents: Sociology and this changing world -- Sociological research -- Culture and soicalization -- The Structure of society -- Social change -- Modernity -- Kinship and gender -- Population -- Social stratification -- Soical class across the globe -- Racial and ethnic relations -- Work and the economy -- Education -- Deviance, crime and social control -- Religion -- Political systems, soical movements revolution and war.
650 0 _aSociology.
906 _a7
_bcbc
_corignew
_d1
_eocip
_f19
_gy-gencatlg
942 _2lcc
_cBK
999 _c1380
_d8880